The game changers : (Record no. 66357)

MARC details
000 -LEADER
fixed length control field 00852nam a22002297a 4500
005 - DATE AND TIME OF LATEST TRANSACTION
control field 20130314123335.0
010 ## - LCCN (DPL NO)
LC control number ENG-105228 B-489105-115
020 ## - INTERNATIONAL STANDARD BOOK NUMBER
International Standard Book Number 9788184002737
Terms of availability 150.00
035 ## - SYSTEM CONTROL NUMBER
System control number EN-88761 B-489105-115
037 ## - SOURCE OF ACQUISITION
Source of stock number/acquisition DBAD/PUB
037 ## - SOURCE OF ACQUISITION
Source of stock number/acquisition Star Pub/Ven
082 ## - DEWEY DECIMAL CLASSIFICATION NUMBER
Classification number S
100 ## - MAIN ENTRY--PERSONAL NAME
Personal name Modi, Yuvnesh
245 ## - TITLE STATEMENT
Title The game changers :
Statement of responsibility, etc by Yuvnesh Modi, Rahul Kumar [and] Alok Kothari
Remainder of title 20 extraordinary success stories of entrepreneurs from IIT Kharagpur /
260 ## - PUBLICATION, DISTRIBUTION, ETC. (IMPRINT)
Place of publication, distribution, etc Noida
Name of publisher, distributor, etc Random House Publishers
Date of publication, distribution, etc 2012
270 ## - ADDRESS
Address Windsor IT Park, 7th Floor, Tower-B, A-1, Sector-125
City Noida
Postal code 201301
300 ## - PHYSICAL DESCRIPTION
Extent xvi,262p.
Dimensions 21cm(pbk)
700 ## - ADDED ENTRY--PERSONAL NAME
9 (RLIN) 46704
Personal name Rahul Kumar
700 ## - ADDED ENTRY--PERSONAL NAME
Personal name Kothari, Alok
9 (RLIN) 46712
942 ## - ADDED ENTRY ELEMENTS (KOHA)
Source of classification or shelving scheme Dewey Decimal Classification
Item type English Books
Call number suffix MOD
Classification part S
Holdings
Withdrawn status Lost status Not for loan Collection code Home library Current library Date acquired Source of acquisition Cost, normal purchase price Full call number Barcode Copy number Cost, replacement price Koha item type
      Fiction Tri Nagar Ashok Vihar 14/03/2013 Star Pub/2349/27.12.12/128/7.01.2013/08.01.2012 150.00 S MOD B-489109 1 150.00 English Books
      Fiction Bawana Bawana 14/03/2013 Star Pub/2349/27.12.12/128/7.01.2013/08.01.2012 150.00 S MOD B-489113 1 150.00 English Books
  Written-off vide DLB M. No. 383 dt 16.05.19   Fiction Central Library Central Library 14/03/2013 Star Pub/2349/27.12.12/128/7.01.2013/08.01.2012 150.00 S MOD B-489105 1 150.00 English Books
      Fiction Janak Puri Janak Puri 14/03/2013 Star Pub/2349/27.12.12/128/7.01.2013/08.01.2012 150.00 S MOD B-489110 1 150.00 English Books
  Written-off vide DLB M. No. 383 dt 16.05.19   Fiction Kasturba Gandhi Marg Kasturba Gandhi Marg 14/03/2013 Star Pub/2349/27.12.12/128/7.01.2013/08.01.2012 150.00 S MOD B-489107 1 150.00 English Books
      Fiction Narela Narela 14/03/2013 Star Pub/2349/27.12.12/128/7.01.2013/08.01.2012 150.00 S MOD B-489114 1 150.00 English Books
      Fiction Patel Nagar Patel Nagar 14/03/2013 Star Pub/2349/27.12.12/128/7.01.2013/08.01.2012 150.00 S MOD B-489106 1 150.00 English Books
  Written-off vide DLB M. No. 383 dt 16.05.19   Fiction Peshwa Road Peshwa Road 14/03/2013 Star Pub/2349/27.12.12/128/7.01.2013/08.01.2012 150.00 S MOD B-489108 1 150.00 English Books
      Fiction Sarojini Nagar Sarojini Nagar 14/03/2013 Star Pub/2349/27.12.12/128/7.01.2013/08.01.2012 150.00 S MOD B-489111 1 150.00 English Books
  Written-off vide DLB M. No. 383 dt 16.05.19   Fiction Shahdara Branch Shahdara Branch 14/03/2013 Star Pub/2349/27.12.12/128/7.01.2013/08.01.2012 150.00 S MOD B-489115 1 150.00 English Books
      Fiction Vinoba Puri Vinoba Puri 14/03/2013 Star Pub/2349/27.12.12/128/7.01.2013/08.01.2012 150.00 S MOD B-489112 1 150.00 English Books

© Delhi Public Library
Hit Counter
free hit counter